01272nam a22002417a 4500003000800000008004100008037002000049039004200069040003500111041000800146080001600154100003200170245020400202260009600406300002200502500019100524650009100715655002300806700002900829942001300858999001700871952014200888BI-BuBU240903b2022 fre fr|||| 000 0 fre d cdon de l'auteur a20240903110552.0bJoella Nshimirimana aBI-BuBUbfrecBI-BuBUdBI-BuBU 0afre a336.142.2321 4aut.aNiyonahabonye, Alexis10aFinancement du déficit budgétaire dans un contexte d'union monétairebCas des pays de la Communauté de l'Afrique de l'Est ( 1990-2020 )cAlexis Niyonahabonye ; Fréderic Nimubona , directeur aBujumburabUniversité du Burundi, Facultés des sciences Economiques et de Gestionc2022 aXV-125 f.c30 cm. aMémoire présenté et soutenu publiquement en vue de l'obtention du diplôme de master en Analyse Économique et Développement International Spécialité: analyse économique 72BI-BuBUaDéficit budgetairexFinancementzCommunaute de l'Arique de l'Esty1990-2020 72BI-BuBUaMémoire 4dir.aNimubona, Frederic 2udccMEM c50670d50670 00102udc4071981811aBCbBCd2024-09-06edon de l'auteurl0oR.336.142.232.NIY.p5010000595296r2024-09-06t1w2024-09-06yMEMi240574